Paroles Ordinary - Tip Stevens - Statistiques

Statistiques générales
  • Ce quiz a été pris 57 fois
  • Le résultat moyen est 95 sur 132
Statistiques - réponses
Lyrics % Correct
a
97%
Ordinary
93%
the
93%
I
90%
to
90%
be
86%
so...
86%
You
86%
you
86%
it
83%
know
83%
no
83%
No,
83%
We
83%
we
83%
we're
83%
We're
83%
And
79%
are
79%
can
79%
feel
79%
never
79%
not
79%
today
79%
Cause
76%
change
76%
do
76%
gonna
76%
nothing
76%
one's
76%
ones
76%
strong
76%
who
76%
can't
72%
silence
72%
they
72%
Because
69%
but
69%
could
69%
it's
69%
that
69%
That
69%
everywhere
66%
nothing's
66%
Oh
66%
patience
66%
would
66%
I'll
62%
say
62%
told
62%
Don't
59%
explain
59%
Maybe
59%
when
59%
coming
55%
from
55%
I'm
55%
loud
55%
sorry
55%
speak
55%
too
55%
tough
55%
fail
52%
love
52%
nowhere
52%
anything
48%
shout
48%
story
48%
There's
48%
wrong,
48%
better
45%
only
45%
rough,
45%
heroes
41%
Just
41%
deserve
38%
everything
38%
fall,
38%
different
31%
strength
31%
unnecessary
31%
away
28%
happens
24%
throw
24%
Aucun quiz correspondant
Distribution des résultats
% des personnes avec chaque résultat
Percentile par nombre de réponses
Votre historique - résultats
Vous n’avez pas pris ce quiz